Encyclopedia of Electrochemistry of the Elements Vol. VI Al, In, Ir, Os, Pd, Pt, Rh, Ru, Sc, Y

Salvato in:
Dettagli Bibliografici
Natura: Libro
Lingua:inglese
Pubblicazione: New York Marcel Dekker 1976
Soggetti:
Accesso online:Visualizza in OPAC
Tags: Aggiungi Tag
Nessun Tag, puoi essere il primo ad aggiungerne!!

MARC

LEADER 00000nam a2200000 a 4500
005 20260127133952.0
008 090309 1976 xxu 000 0 eng d
020 |a 0824725069 
035 |a vtls009481212 
039 9 |a 201007071031  |b msnk88  |c 200903090909  |d mschk03  |y 200903090903  |z mschk03 
040 |a STUSCHK1  |b slo  |c STUSCHK1  |e AACR2 
245 1 |a Encyclopedia of Electrochemistry of the Elements  |n Vol. VI  |p Al, In, Ir, Os, Pd, Pt, Rh, Ru, Sc, Y  |c editor Allen J. Bard 
260 |a New York  |b Marcel Dekker  |c 1976 
300 |a xiv, 341 s. 
650 0 |a elektrochemické elementy 
650 0 7 |a elektrochémia 
655 0 |a encyklopédie 
910 |a SCHK95 
919 |a 0-8247-2506-9 
999 |c 1124  |d 1124